000 00616nam a2200169Ia 4500
008 090711s9999 xx 000 0 und d
082 _b77138
100 _aदेसाई जयश्री
245 _aअयोध्या आंदोलन काल आज उद्या
260 _c1995
300 _a87
600 _aदेसाई जयश्री
630 _aअयोध्या आंदोलन काल आज उद्या
700 _aदेसाई जयश्री
730 _aअयोध्या आंदोलन काल आज उद्या
942 _cBOOK
999 _c295312
_d295312